000 00621nam a2200181Ia 4500
008 090124s9999 xx 000 0 und d
082 _b20414
100 _aजोशी प्र. न.
245 _a स्कंदपुराण (उत्तरार्ध)
250 _a0
260 _bप्रसाद प्रकाशन
_c1983
300 _a331
600 _aजोशी प्र. न.
630 _a स्कंदपुराण (उत्तरार्ध)
700 _aजोशी प्र. न.
730 _a स्कंदपुराण (उत्तरार्ध)
942 _cBOOK
999 _c91129
_d91129